000 004200000a22001690004500
003 MACL
005 20160109113634.0
008 160109b xxu||||| |||| 00| 0 eng d
040 _aMACL
_cMACL
041 _aEnglish
082 _a920/LAW
100 _aLaw, Bimala Churn
_930160
245 _aAsvaghosa
260 _bThe Royal Asiatic Society
_c1946
_aCalcutta
650 _aBiography
_930161
942 _cBK
_k920/LAW
_2ddc
999 _c39186
_d39186